Statistiques concernant Football: les joueurs français en Liga

Cliquez ici pour prendre le quiz!

Statistiques générales

  • Ce quiz a été pris 206 fois
  • Le résultat moyen est 9 sur 18

Statistiques - réponses

ClubPosteJoueur% Correct
Atlético MadridAAntoine Griezmann
100%
FC BarceloneDJules Koundé
95%
Real MadridMEduardo Camavinga
94%
Real MadridMAurélien Tchouaméni
92%
Atlético MadridMThomas Lemar
89%
Real MadridDFerland Mendy
87%
Real BétisMNabil Fékir
76%
FC BarceloneDClément Lenglet
63%
VillarealMEtienne Capoue
53%
VillarealMFrancis Coquelin
46%
FC SévilleDLoïc Badé
37%
Real SociedadAMohammed-Ali Cho
29%
FC SévilleDTanguy Nianzou
21%
MajorqueMClément Grenier
18%
Rayo VallecanoDFlorian Lejeune
17%
Las PalmasMEnzo Loiodice
10%
Rayo VallecanoMRandy Nteka
9%
GrenadeMYann Bodiger
4%

Distribution des résultats

Percentile par nombre de réponses

% des personnes avec chaque résultat

Votre développement - résultats

Vous n’avez pas pris ce quiz